[Event "Challenge"]
[Site "http://www.queenalice.com/game.php?id=1773315"]
[Date "2021.10.27"]
[Round "-"]
[White "Baby_Chess_91"]
[Black "amadeo"]
[Result "1-0"]
[WhiteElo "1782"]
[BlackElo "1326"]

1. d4 d5 2. c4 Nf6 3. Bg5 Nbd7 4. Nf3 h6 5. Bxf6 Nxf6 6. Nc3 Bg4 7. Ne5 Be6 8.
e3 g5 9. Be2 Qd6 10. O-O O-O-O 11. Nb5 Qb6 12. Qa4 Bd7 13. c5 Qe6 14. Qxa7 Qa6
15. Nd6+ exd6 16. Bxa6 bxa6 17. Qa8# 1-0

[Event "Challenge"]
[Site "http://www.queenalice.com/game.php?id=1773316"]
[Date "2021.10.27"]
[Round "-"]
[White "amadeo"]
[Black "Baby_Chess_91"]
[Result "0-1"]
[WhiteElo "1317"]
[BlackElo "1784"]

1. e4 Nc6 2. Bb5 e5 3. Bxc6 bxc6 4. Nf3 d6 5. h3 Nf6 6. d3 Be7 7. O-O O-O 8. Be3
c5 9. c4 Qd7 10. Nbd2 h6 11. a4 Rb8 12. b3 Nh7 13. Nb1 Qe6 14. Nc3 c6 15. g4 Qg6
16. Qd2 Bxg4 17. hxg4 Qxg4+ 18. Kh2 Qxf3 19. Qe2 Qxe2 20. Nxe2 Rxb3 21. Nc1 Rb2
22. Ra2 Rxa2 23. Nxa2 Bh4 24. f3 Rb8 25. Nc3 Rb2+ 26. Kh3 g5 27. Rg1 Bf2 28. Nd1
Bxg1 29. Bxg1 Rb1 30. Nf2 Rxg1 31. Kh2 Ra1 32. Kg3 Nf6 33. Kg2 Rxa4 34. Nd1 Ra2+
35. Kf1 a5 36. Nc3 Rc2 37. Na4 h5 0-1

[Event "Challenge"]
[Site "http://www.queenalice.com/game.php?id=1775769"]
[Date "2021.11.28"]
[Round "-"]
[White "Baby_Chess_91"]
[Black "amadeo"]
[Result "1-0"]
[WhiteElo "1800"]
[BlackElo "1299"]

1. d4 d5 2. Nc3 Nf6 3. Bf4 Nc6 4. e3 a6 5. h3 Bf5 6. Be2 e6 7. Nf3 Bd6 8. Bxd6
Qxd6 9. O-O O-O 10. Nh4 Ne7 11. Nxf5 Nxf5 12. Bd3 Ne7 13. Ne2 h6 14. Nf4 c6 15.
Nh5 Nxh5 16. Qxh5 f5 17. f3 Rf6 18. e4 Qb4 19. b3 Qxd4+ 20. Kh2 Qe5+ 21. f4 Qc7
22. e5 Rff8 23. Rf3 Qd8 24. Rg3 Qe8 25. Qxh6 Qf7 26. Be2 g6 27. Bh5 Qg7 28. Qg5
Rae8 29. Bxg6 Nxg6 30. Qxg6 Qxg6 31. Rxg6+ Kf7 32. Rh6 Rh8 33. Rxh8 Rxh8 34. Rd1
b5 35. c4 Kg6 36. cxd5 cxd5 37. Rc1 a5 38. Rc5 Rb8 39. a4 bxa4 40. bxa4 Ra8 41.
Rc6 Kf7 42. Kg3 Rb8 43. Ra6 Rb5 44. axb5 1-0

[Event "Challenge"]
[Site "http://www.queenalice.com/game.php?id=1775770"]
[Date "2021.11.28"]
[Round "-"]
[White "amadeo"]
[Black "Baby_Chess_91"]
[Result "0-1"]
[WhiteElo "1305"]
[BlackElo "1798"]

1. e4 e5 2. Nf3 Nc6 3. Bb5 Bc5 4. Bxc6 bxc6 5. Nxe5 Qf6 6. Ng4 Qh4 7. g3 Qh3 8.
Qf3 Ba6 9. d3 Ne7 10. Bg5 Ng6 11. Nd2 O-O 12. O-O-O Rab8 13. b3 Bd4 14. Be3 Bxe3
15. fxe3 f6 16. Nf2 Qe6 17. h4 Ne5 18. Qg2 Qd6 19. d4 Qa3+ 20. Kb1 Nc4 21. Qf1
Qb2# 0-1

[Event "Challenge"]
[Site "http://www.queenalice.com/game.php?id=1776169"]
[Date "2021.12.4"]
[Round "-"]
[White "Baby_Chess_91"]
[Black "dejami"]
[Result "1-0"]
[WhiteElo "1804"]
[BlackElo "1497"]

1. d4 e6 2. e4 Qf6 3. Nf3 h6 4. Bd3 g5 5. Be3 Nc6 6. Nc3 a6 7. O-O d6 8. a3 Qe7
9. Bc4 Na5 10. Qd3 Nf6 11. b4 Nc6 12. b5 Nd8 13. bxa6 bxa6 14. Bb3 Bb7 15. Ba4+
c6 16. d5 exd5 17. exd5 Kd7 18. Qf5+ Ke8 19. Rfe1 1-0

[Event "Challenge"]
[Site "http://www.queenalice.com/game.php?id=1776170"]
[Date "2021.12.4"]
[Round "-"]
[White "dejami"]
[Black "Baby_Chess_91"]
[Result "0-1"]
[WhiteElo "1493"]
[BlackElo "1810"]

1. e4 e5 2. Bc4 Nf6 3. d3 Bc5 4. h3 d5 5. exd5 Nxd5 6. Qf3 Nf6 7. g4 O-O 8. g5
Nfd7 9. h4 Nc6 10. c3 e4 11. dxe4 Nde5 12. Qe2 Bg4 13. f3 Bh5 14. Bd5 Qd7 15.
Be3 Qd6 16. Nd2 Nd8 17. Nh3 c6 18. Bb3 Nd3+ 19. Kf1 Bxe3 20. Qxe3 Ne6 21. Nc4
Qg3 22. Qxd3 Bxf3 23. Nf2 Nf4 24. Rg1 Bg2+ 25. Rxg2 Qxg2+ 0-1

[Event "Challenge"]
[Site "http://www.queenalice.com/game.php?id=1779464"]
[Date "2022.1.7"]
[Round "-"]
[White "Baby_Chess_91"]
[Black "amadeo"]
[Result "1-0"]
[WhiteElo "1802"]
[BlackElo "1313"]

1. e4 e5 2. Nf3 Nc6 3. Bc4 h6 4. Nc3 Nf6 5. d4 Bd6 6. d5 Ne7 7. Bd2 c5 8. Nb5
Nxe4 9. Nxd6+ Nxd6 10. O-O b5 11. Be2 Ba6 12. Be3 e4 13. Ne5 f6 14. Bh5+ g6 15.
Nxg6 Nxg6 16. Bxg6+ Ke7 17. Bxc5 Qc7 18. b4 Rhg8 19. Bxe4 Bb7 20. Qh5 Rh8 21.
Rfe1 Raf8 22. a4 Kd8 23. Bf3 a6 24. axb5 Nxb5 25. Bxf8 Rxf8 26. Qxh6 Qd6 27. Qg6
f5 28. Qg5+ Qe7 29. Qxe7+ Kc7 30. Qc5+ Kb8 31. Qxf8+ Ka7 32. Re8 Kb6 33. Qc5#
1-0

[Event "Challenge"]
[Site "http://www.queenalice.com/game.php?id=1779466"]
[Date "2022.1.7"]
[Round "-"]
[White "amadeo"]
[Black "Baby_Chess_91"]
[Result "0-1"]
[WhiteElo "1328"]
[BlackElo "1808"]

1. e4 e5 2. Bc4 Nf6 3. Nc3 Bc5 4. h3 Nc6 5. a3 O-O 6. Nf3 d6 7. O-O a6 8. b4 Ba7
9. d3 b5 10. Bg5 h6 11. Bh4 Bb7 12. Bb3 Nd4 13. Nxd4 Bxd4 14. Qd2 c5 15. Rae1 g5
16. Bg3 cxb4 17. axb4 Qc7 18. Ne2 Bb6 19. Kh2 a5 20. Nc3 Qc6 21. f3 a4 22. Ba2
Nh5 23. Bf2 Nf4 24. Be3 Bxe3 25. Qxe3 Qxc3 26. Rc1 Qxb4 27. c3 Qb2 28. Qf2 Qxf2
29. Rxf2 Nxd3 30. Rcf1 Nxf2 31. Rxf2 Rac8 32. Rb2 Rxc3 33. Rd2 Rfc8 34. Rxd6 Rc2
35. Bb1 Rb2 36. Rd1 Rc3 37. Rd8+ Kg7 38. Rd1 Rxf3 39. Bd3 Bc8 40. Bxb5 Rxh3+ 41.
Kg1 Rg3 42. Bxa4 Rgxg2+ 43. Kh1 Ba6 44. Be8 Rh2+ 45. Kg1 Rbg2# 0-1

[Event "Challenge"]
[Site "http://www.queenalice.com/game.php?id=1783786"]
[Date "2022.3.2"]
[Round "-"]
[White "Baby_Chess_91"]
[Black "amadeo"]
[Result "1-0"]
[WhiteElo "1819"]
[BlackElo "1298"]

1. d4 d5 2. Nf3 Bg4 3. c4 Bxf3 4. exf3 Nf6 5. Bg5 Nbd7 6. Nc3 h6 7. Bh4 g5 8.
Bg3 Nb6 9. Qb3 Qd7 10. c5 Nc4 11. Qxb7 Qc8 12. Qc6+ Qd7 13. Qxa8+ Qd8 14. Qxa7
c6 15. b3 Na5 16. Bc7 Qc8 17. Qxa5 e6 18. Be5 Be7 19. Ba6 Qd7 20. Nb5 cxb5 21.
Bxb5 Rg8 22. Bxd7+ Nxd7 23. Qa8+ Bd8 24. Bc7 Ke7 25. Bd6+ Kf6 26. O-O Kg6 27.
Qb7 Nf6 28. a4 Ba5 29. Be5 Nh5 30. g4 Ng7 31. Qb5 Bc3 32. Qd3+ f5 33. gxf5+ exf5
34. Qxc3 Ne6 35. Kh1 Rc8 36. Qa5 Re8 37. Rg1 f4 38. c6 Rc8 39. Qxd5 Nd8 40. Qg8+
Kh5 41. Qe8+ 1-0

[Event "Challenge"]
[Site "http://www.queenalice.com/game.php?id=1783787"]
[Date "2022.3.2"]
[Round "-"]
[White "amadeo"]
[Black "Baby_Chess_91"]
[Result "0-1"]
[WhiteElo "1315"]
[BlackElo "1813"]

1. e4 e5 2. Bc4 Nf6 3. Nc3 c6 4. b4 d5 5. Bd3 Bxb4 6. Bb2 Bg4 7. f3 Bh5 8. g4
Bg6 9. a3 Ba5 10. Qe2 O-O 11. O-O-O d4 12. Na2 Nbd7 13. c3 c5 14. cxd4 cxd4 15.
Kb1 Nc5 16. Rc1 Qb6 17. Bc4 Na4 18. Qd1 Qxb2# 0-1

[Event "Challenge"]
[Site "http://www.queenalice.com/game.php?id=1785254"]
[Date "2022.3.20"]
[Round "-"]
[White "Baby_Chess_91"]
[Black "amadeo"]
[Result "1-0"]
[WhiteElo "1817"]
[BlackElo "1304"]

1. d4 d5 2. c4 dxc4 3. Nc3 Be6 4. Bf4 a6 5. e4 b5 6. Be2 Nc6 7. Nf3 h6 8. O-O
Nf6 9. e5 Nh5 10. Be3 g5 11. Ne1 f6 12. Bxh5+ Bf7 13. Bxf7+ Kxf7 14. Qh5+ Kg7
15. e6 Qc8 16. Qf7# 1-0

[Event "Challenge"]
[Site "http://www.queenalice.com/game.php?id=1785255"]
[Date "2022.3.20"]
[Round "-"]
[White "amadeo"]
[Black "Baby_Chess_91"]
[Result "0-1"]
[WhiteElo "1296"]
[BlackElo "1823"]

1. e4 e5 2. Bc4 Nf6 3. Nc3 Bc5 4. Nf3 d6 5. h3 Bd7 6. d4 exd4 7. Nxd4 O-O 8. Bd5
Nc6 9. Bg5 Bxd4 10. O-O Qe8 11. Bxf6 Bxf6 12. Nb5 Qe5 13. Nc3 Qg5 14. Qf3 Ne5
15. Qe2 Bxh3 16. g3 Bxf1 17. Kxf1 Ng4 18. f3 Ne3+ 19. Kf2 Bd4 20. Qd2 Nxc2+ 21.
Kg2 Qxd2+ 22. Kh3 Rfe8 23. Rd1 Qf2 24. Bxb7 Rab8 25. Bc6 Bf6 26. Bxe8 Rxe8 27.
Nd5 Be5 28. f4 Bxf4 29. gxf4 Qf3+ 0-1

[Event "Challenge"]
[Site "http://www.queenalice.com/game.php?id=1785316"]
[Date "2022.3.20"]
[Round "-"]
[White "amadeo"]
[Black "Baby_Chess_91"]
[Result "0-1"]
[WhiteElo "1309"]
[BlackElo "1815"]

1. e4 e5 2. Nf3 Nc6 3. Bb5 Nge7 4. Nc3 d5 5. d3 a6 6. Ba4 b5 7. Bb3 d4 8. Ne2
Qd6 9. Bd2 Nb4 10. c3 Nxd3+ 11. Kf1 Qc5 12. Bc2 dxc3 13. Bxc3 Qxf2# 0-1

[Event "Challenge"]
[Site "http://www.queenalice.com/game.php?id=1786396"]
[Date "2022.4.6"]
[Round "-"]
[White "Baby_Chess_91"]
[Black "Retraiteactive"]
[Result "1/2-1/2"]
[WhiteElo "1821"]
[BlackElo "1863"]

1. d4 d5 2. Nf3 e6 3. c4 Nf6 4. Bg5 Be7 5. e3 O-O 6. Nc3 c6 7. c5 Nbd7 8. Be2
Ne4 9. Nxe4 dxe4 10. Bxe7 Qxe7 11. Ne5 Nxe5 12. dxe5 Qxc5 13. Qd4 Qxd4 14. exd4
Rd8 15. Rd1 b6 16. O-O Bb7 17. f4 c5 18. dxc5 bxc5 19. Rc1 Rac8 20. Rfe1 Bd5 21.
b3 Kf8 22. Ba6 Rc7 23. Re3 Rc6 24. Bb5 Rc7 25. Rh3 h6 26. Rd1 Rb8 27. Be2 Ke7
28. Rc1 Rb6 29. Rhc3 Kd7 30. Rxc5 Rxc5 31. Rxc5 Kd8 32. Ra5 Rb7 33. Bc4 Bxc4
1/2-1/2

[Event "Challenge"]
[Site "http://www.queenalice.com/game.php?id=1787003"]
[Date "2022.4.15"]
[Round "-"]
[White "Baby_Chess_91"]
[Black "amadeo"]
[Result "1-0"]
[WhiteElo "1825"]
[BlackElo "1285"]

1. d4 d5 2. Nf3 Bg4 3. Qd3 h6 4. Bf4 Nc6 5. Nbd2 Nb4 6. Qb5+ Nc6 7. Qxb7 Qd7 8.
Qxa8+ Qd8 9. Qxc6+ Qd7 10. Qc5 c6 11. Ne5 Qe6 12. e3 g5 13. Bg3 a6 14. Bxa6 Bg7
15. Nxg4 Nf6 16. Nxf6+ Bxf6 17. Be5 Bxe5 18. dxe5 Qxe5 19. Qxc6+ Kf8 20. Nf3
Qxb2 21. O-O e6 22. Qd6+ Kg7 23. Ne5 Qxc2 24. Qe7 Qf5 25. f4 gxf4 26. Rxf4 Qxe5
27. Qxf7# 1-0

[Event "Challenge"]
[Site "http://www.queenalice.com/game.php?id=1787004"]
[Date "2022.4.15"]
[Round "-"]
[White "amadeo"]
[Black "Baby_Chess_91"]
[Result "0-1"]
[WhiteElo "1283"]
[BlackElo "1827"]

1. e4 e5 2. Bc4 Nc6 3. Qh5 d5 4. exd5 Na5 5. Qxe5+ Be7 6. Qxg7 Bf6 7. Qg3 Nxc4
8. c3 Qxd5 9. Qxc7 Be5 10. Nf3 Bxc7 11. O-O Be6 12. b3 Ne5 13. c4 Nxf3+ 14. gxf3
Qxf3 15. Re1 Qf4 16. d3 Qd4 17. Rd1 Ne7 18. a4 Rg8+ 19. Kf1 Qe5 20. Be3 Qxh2 21.
Ke1 Rg1+ 22. Kd2 Ba5+ 23. Kc2 Rd8 24. Rxg1 Qxg1 25. Bxa7 Qf1 26. Kb2 Bb4 27. Nd2
Qe2 28. Bb6 Qxd2+ 29. Kb1 Qxd3+ 30. Ka2 Qc2# 0-1

[Event "Challenge"]
[Site "http://www.queenalice.com/game.php?id=1789221"]
[Date "2022.5.20"]
[Round "-"]
[White "Baby_Chess_91"]
[Black "amadeo"]
[Result "1-0"]
[WhiteElo "1829"]
[BlackElo "1275"]

1. d4 d5 2. Nf3 Bg4 3. Bg5 Bxf3 4. exf3 h6 5. Bf4 g5 6. Bg3 Nc6 7. c3 e6 8. Bb5
Ne7 9. O-O Qd7 10. Nd2 a6 11. Ba4 b5 12. Bb3 Nf5 13. Qe2 Nxg3 14. fxg3 O-O-O 15.
a4 bxa4 16. Qxa6+ Kb8 17. Rxa4 Na7 18. Qxa7+ Kc8 19. Qa8# 1-0

[Event "Challenge"]
[Site "http://www.queenalice.com/game.php?id=1789222"]
[Date "2022.5.20"]
[Round "-"]
[White "amadeo"]
[Black "Baby_Chess_91"]
[Result "0-1"]
[WhiteElo "1271"]
[BlackElo "1831"]

1. e4 e5 2. Bc4 Nf6 3. Nf3 d6 4. h3 Nxe4 5. d3 Nf6 6. O-O Be7 7. Be3 Nc6 8. Bb5
Bd7 9. c4 O-O 10. Nc3 a6 11. Ba4 Bf5 12. Bxc6 bxc6 13. a4 d5 14. cxd5 cxd5 15.
d4 e4 16. g4 Bd7 17. Ne5 Bd6 18. g5 Ne8 19. Bf4 Bxh3 20. Nc6 Qd7 21. Bxd6 Nxd6
22. Ne5 Qf5 23. Nf3 Qg4+ 24. Kh2 Qg2# 0-1

[Event "Challenge"]
[Site "http://www.queenalice.com/game.php?id=1790751"]
[Date "2022.6.13"]
[Round "-"]
[White "Baby_Chess_91"]
[Black "amadeo"]
[Result "1-0"]
[WhiteElo "1835"]
[BlackElo "1247"]

1. d4 d5 2. Nf3 Nf6 3. Bg5 h6 4. Bf4 g5 5. Be5 Nbd7 6. Bg3 Ne4 7. Nc3 Nxg3 8.
hxg3 e6 9. e3 Bb4 10. Bb5 Bxc3+ 11. bxc3 a6 12. Ba4 b5 13. Bb3 Qf6 14. Qe2 Bb7
15. Nd2 c5 16. dxc5 Nxc5 17. Nb1 O-O 18. Qg4 Ne4 19. f3 Nc5 20. Rh5 Kh7 21. Qh3
a5 22. a4 bxa4 23. Bxa4 Nxa4 24. Rxa4 Bc6 25. Ra1 Rfb8 26. Kd2 Rb3 27. cxb3 a4
28. Na3 axb3 29. Rh1 Kg7 30. Rxh6 Qe7 31. Rh7+ Kf6 32. Qh6+ Ke5 33. Nb1 Ra1 34.
c4 Qb4+ 35. Nc3 Qxc4 36. Qxg5+ Kd6 37. Rxa1 b2 38. Ra7 b1=Q 39. Qe7+ Ke5 40.
Rh5+ f5 41. f4+ Qxf4 42. gxf4# 1-0

[Event "Challenge"]
[Site "http://www.queenalice.com/game.php?id=1790752"]
[Date "2022.6.13"]
[Round "-"]
[White "amadeo"]
[Black "Baby_Chess_91"]
[Result "0-1"]
[WhiteElo "1257"]
[BlackElo "1833"]

1. e4 e5 2. Nf3 Nc6 3. Bb5 Nf6 4. Nc3 Bc5 5. Bxc6 dxc6 6. Nxe5 O-O 7. a3 Qd4 8.
Nd3 Bb6 9. b4 Nxe4 10. Nxe4 Qxa1 11. Nc3 Re8+ 12. Kf1 Be6 13. Bb2 Qxd1+ 14. Nxd1
Bc4 15. Ne3 Bxd3+ 16. cxd3 Re6 17. Nc4 Rae8 18. g3 Re1+ 19. Kg2 R1e2 20. Nxb6
cxb6 21. Bc3 Rd8 22. d4 Rd5 23. Rf1 Re6 24. d3 Rh5 25. h4 Rg6 26. Be1 Rxh4 27.
Rh1 Rxd4 28. Bc3 Rxd3 29. Bb2 Re6 30. Rh3 Re2 31. Be5 Rxe5 0-1

[Event "Challenge"]
[Site "http://www.queenalice.com/game.php?id=1793044"]
[Date "2022.7.23"]
[Round "-"]
[White "Baby_Chess_91"]
[Black "amadeo"]
[Result "0-1"]
[WhiteElo "1824"]
[BlackElo "1269"]

1. d4 d5 2. Nf3 Bg4 3. Nc3 Bxf3 4. exf3 e6 5. Bb5+ c6 6. Ba4 b5 7. Bb3 Bb4 8.
Bd2 Nf6 9. O-O Qd6 10. a3 Ba5 11. Qe2 O-O 12. Qe3 Bc7 13. g3 Bb6 14. Ne2 a5 15.
c3 h6 16. Bc2 Nbd7 17. Qd3 c5 18. Nf4 c4 19. Qe2 Rfe8 20. Be3 a4 21. Ng2 Qe7 22.
Bf4 Nh5 23. Bb1 Nxf4 24. Nxf4 Bc7 25. Qc2 g6 26. h4 Bxf4 27. gxf4 Qxh4 28. Qd2
Nf6 29. Kg2 Nh5 30. Rh1 Nxf4+ 31. Kg1 Qg5+ 32. Kh2 Qg2# 0-1

[Event "Challenge"]
[Site "http://www.queenalice.com/game.php?id=1793045"]
[Date "2022.7.23"]
[Round "-"]
[White "amadeo"]
[Black "Baby_Chess_91"]
[Result "1-0"]
[WhiteElo "1245"]
[BlackElo "1846"]

1. e4 e5 2. Bc4 Nf6 3. Nc3 Nc6 4. a3 Bc5 5. b4 Bb6 6. Nf3 d6 7. d3 Bg4 8. h3
Bxf3 9. Qxf3 Nd4 10. Qg3 Nxc2+ 11. Kf1 Nxa1 12. Qxg7 Rf8 13. Bg5 Rg8 14. Qxf7#
1-0

[Event "Challenge"]
[Site "http://www.queenalice.com/game.php?id=1793352"]
[Date "2022.7.27"]
[Round "-"]
[White "dosoldini"]
[Black "Baby_Chess_91"]
[Result "0-1"]
[WhiteElo "1666"]
[BlackElo "1837"]

1. d4 d5 2. Nf3 Nf6 3. h3 Nc6 4. Bd2 Bf5 5. e3 e6 6. Ne5 Nxe5 7. dxe5 Ne4 8. Qe2
Bc5 9. Nc3 O-O 10. Nxe4 Bxe4 11. Bc3 Qg5 12. Bd4 Bxd4 13. exd4 Qg6 14. Qg4 Rac8
15. Qxg6 Bxg6 16. O-O-O c5 17. Bd3 cxd4 18. Bxg6 fxg6 19. f3 Rc4 20. Rd2 Rf5 21.
b3 Rb4 22. Rd3 Rxe5 23. Kd2 Rf5 24. Ra1 e5 25. a3 Rb6 26. Rc1 Rg5 27. g4 Rd6 28.
c3 e4 29. fxe4 dxc3+ 30. Kc2 h5 31. Rd4 hxg4 32. Rg1 g3 33. Rg2 b5 34. b4 Kf7
35. Kxc3 Ke6 36. e5 Rc6+ 37. Kb3 Kxe5 38. Rd3 Ke4 39. Rc3 Rxc3+ 40. Kxc3 d4+ 41.
Kd2 d3 0-1

[Event "Challenge"]
[Site "http://www.queenalice.com/game.php?id=1794176"]
[Date "2022.8.13"]
[Round "-"]
[White "dosoldini"]
[Black "Baby_Chess_91"]
[Result "0-1"]
[WhiteElo "1626"]
[BlackElo "1816"]

1. d4 d5 2. Nc3 Nf6 3. Qd3 Nc6 4. h3 e5 5. f3 Bd6 6. Bg5 h6 7. Bh4 O-O 8. e4
dxe4 9. fxe4 g5 10. Qd2 Nh7 11. Bf2 Nxd4 12. Bxd4 exd4 13. Qxd4 Bg3+ 14. Ke2
Qxd4 15. Nd1 Qxe4+ 16. Ne3 Re8 0-1